00535nam a22002177a 450000500170000001000110001702000210002803500110004903700160006004000120007608200130008810000170010124500590011824600060017726000420018327000140022530000200023950000200025965000190027965000190029820170124110000.0 a557350 c00.00a710065817 a557350 bCen Lib/Ret aDPLbEN a361bMOR aMorris, Mary aVoluntary work in the welfare stare /cby Mary Morris  b  bRoutledge &kegan paulaNew Yorkc1969 b New York a279p.c21cm(Hb) aIncludes index  aWelfare state  aVoluntary work